| 000 | 01789nam a2200409Ii 4500 | ||
|---|---|---|---|
| 001 | 1019873926 | ||
| 003 | AUA.1 | ||
| 005 | 20260226123355.0 | ||
| 008 | 180118s2017 mdu 000 0 eng d | ||
| 020 | _a9781629094335 | ||
| 020 | _a1629094331 | ||
| 035 | _a(OCoLC)1019873926 | ||
| 040 |
_aEXN _beng _cEXN |
||
| 050 |
_aBV4438 _b.O45 2017 |
||
| 090 | _aBV4438 | ||
| 245 | 1 | 0 |
_aReaching families for Jesus : _bdiscipleship and service / _cWillie and Elaine Oliver (eds). |
| 246 | 1 | 0 | _aDiscipleship and service. |
| 260 |
_aSilver Spring, MD : _bDepartment of Family Ministries, General Conference of Seventh-day Adventists, _cc2017. |
||
| 300 |
_a123 p. : _c26 cm. |
||
| 500 | _a"2018 Planbook" | ||
| 520 | _aDiscipleship and Service is for pastors and ministry leaders in their work with families in and out of the church. We hope the resources found in this volume will help develop healthier families, which invariably result in healthier churches that can reach the world with power and joy to help hasten the coming of Jesus Christ. -- back cover. | ||
| 650 | 0 |
_aChurch work with famililes _xSeventh-day Adventist Church. |
|
| 700 |
_aOliver, Willie _eEditor |
||
| 700 |
_aOliver, Elaine _eEditor |
||
| 700 |
_aBaltazar, Alina _eContributor |
||
| 700 |
_aConsuegra, Claudio _eContributor |
||
| 700 |
_aConsuegra, Pamela _eContributor |
||
| 700 |
_aJacobson-Venn, Dawn _eContributor |
||
| 700 |
_aJoseph-Kidder, S. _eContributor |
||
| 700 |
_aKoh, Linda Mei Lin _eContributor |
||
| 700 |
_aMfune, Saustine Sampson _eContributor |
||
| 700 |
_aMorris, Derek J. _eContributor |
||
| 700 |
_aSmith, Alanzo _eContributor |
||
| 700 |
_aTrajkovska, Marija _eContributor |
||
| 740 | 0 | _aFamily ministries planbook. | |
| 942 |
_2lcc _cBOOK _hBV 4438 _i.O45 2017 |
||
| 999 |
_c20144 _d20144 |
||